<?xml version="1.0" encoding="UTF-8"?>
<record
    xmlns:xsi="http://www.w3.org/2001/XMLSchema-instance"
    xsi:schemaLocation="http://www.loc.gov/MARC21/slim http://www.loc.gov/standards/marcxml/schema/MARC21slim.xsd"
    xmlns="http://www.loc.gov/MARC21/slim">

  <leader>01521    a2200193   4500</leader>
  <controlfield tag="001">48847</controlfield>
  <controlfield tag="005">20260407155755.0</controlfield>
  <controlfield tag="008">260407a1979    arg                 spa d</controlfield>
  <controlfield tag="003">AR-UNSa-BCEJYS</controlfield>
  <datafield tag="040" ind1=" " ind2=" ">
    <subfield code="a">AR-UNSa-BCEJYS</subfield>
    <subfield code="b">spa</subfield>
    <subfield code="c">AR-UNSa-BCEJYS</subfield>
  </datafield>
  <datafield tag="080" ind1=" " ind2=" ">
    <subfield code="a">371.2</subfield>
    <subfield code="x">Organizaci&#xF3;n de las instituciones educativas y de la ense&#xF1;anza</subfield>
  </datafield>
  <datafield tag="245" ind1="1" ind2="0">
    <subfield code="a">Direcci&#xF3;n del aprendizaje</subfield>
  </datafield>
  <datafield tag="264" ind1=" " ind2="1">
    <subfield code="a">M&#xE9;xico :</subfield>
    <subfield code="b">Diana</subfield>
    <subfield code="c">1979</subfield>
  </datafield>
  <datafield tag="300" ind1=" " ind2=" ">
    <subfield code="a">351 p.</subfield>
    <subfield code="c">21 cm.</subfield>
  </datafield>
  <datafield tag="505" ind1=" " ind2=" ">
    <subfield code="a">1. Hacia una tecnolog&#xED;a de la educaci&#xF3;n y adiestramiento - 2. El maestro-administrador - Secci&#xF3;n uno: Planeaci&#xF3;n: 3. C&#xF3;mo analizar el trabajo - 4. C&#xF3;mo se identifica la necesidad de adiestramiento - 5. C&#xF3;mo escribir objetivos - Secci&#xF3;n dos: Organizaci&#xF3;n: 6. C&#xF3;mo seleccionar una t&#xE1;ctica apropiada de ense&#xF1;anza - 7. C&#xF3;mo seleccionar auxiliares audiovisuales de aprendizaje - 8. C&#xF3;mo seleccionar un tama&#xF1;o de clase apropiado - 9. C&#xF3;mo seleccionar una estrategia apropiada para la comunicaci&#xF3;n de reglas complejas, procesos e instrucciones - Secci&#xF3;n tres: C&#xF3;mo asumir el papel de liderazgo: 10. C&#xF3;mo fortalecer las motivaciones de los alumnos - 11. C&#xF3;mo identificar una estrategia de ense&#xF1;anza apropiada - 12. C&#xF3;mo ense&#xF1;ar a alumnos mayores - 13. C&#xF3;mo ense&#xF1;ar habilidades sicomotoras - Secci&#xF3;n cuatro: C&#xF3;mo controlar: 14. C&#xF3;mo evaluar un curso de aprendizaje - 15. Medidas de aprendizaje - 16. C&#xF3;mo administrar mediante objetivos de aprendizaje.</subfield>
  </datafield>
  <datafield tag="942" ind1=" " ind2=" ">
    <subfield code="c">BK</subfield>
  </datafield>
  <datafield tag="590" ind1=" " ind2=" ">
    <subfield code="a">niveau_biblio:m niveau_hierar:0</subfield>
  </datafield>
  <datafield tag="100" ind1="1" ind2=" ">
    <subfield code="a">Davies, Ivor K.</subfield>
  </datafield>
  <datafield tag="999" ind1=" " ind2=" ">
    <subfield code="c">4751</subfield>
    <subfield code="d">4751</subfield>
  </datafield>
  <datafield tag="952" ind1=" " ind2=" ">
    <subfield code="0">0</subfield>
    <subfield code="1">0</subfield>
    <subfield code="4">0</subfield>
    <subfield code="7">0</subfield>
    <subfield code="a">BCEJYS</subfield>
    <subfield code="b">BCEJYS</subfield>
    <subfield code="c">16</subfield>
    <subfield code="d">2026-04-07</subfield>
    <subfield code="l">0</subfield>
    <subfield code="o">371.2 D254</subfield>
    <subfield code="p">L45663</subfield>
    <subfield code="r">2026-04-07 15:57:55</subfield>
    <subfield code="w">2026-04-07</subfield>
    <subfield code="y">L</subfield>
  </datafield>
</record>
